| 000 | 00466 a2200157 4500 | ||
|---|---|---|---|
| 020 | _a0006167365 | ||
| 082 | _a823.912 | ||
| 090 |
_c1008 _d1008 |
||
| 100 | _aAgatha Christie | ||
| 245 |
_aThe Listerdale mystery _cAgatha Christie |
||
| 260 |
_aLondon, _bCollins _c1934. |
||
| 300 |
_a223 p. ; _b20 cm. |
||
| 500 | _aIncludes Index | ||
| 650 | _a.Detective and mystery stories, English. 2.Christie, Agatha, 1890-1976--Criticism and interpretation.3. | ||
| 942 | _cBK | ||
| 999 |
_c481809 _d481809 |
||